000 00864nas a2200289 4500
001 BR8707961
003 BR-BrBNA
005 20231205090951.0
007 ta
008 230509b bl.|||p| |||| 00| 00por d
040 _aBR-BrBNA
_bpor
_cBiblioteca Nacional de Agricultura
041 _a(Pt)
072 _aL72
100 1 _aFarias, N.A. da R.
100 1 _aGonzales, J.C.
100 1 _aSaibro, J.C. de
245 1 _aAntibiose e antixenose entre forrageiras e larvas de carrapato-de-boi
650 _aSTILOSANTE
650 _aCAPIM GORDURA
650 _aCAPIM BRACHIARIA
650 _aCAPIM ELEFANTE
650 _aCONTROLE BIOLOGICO
650 _aCARRAPATO
773 0 _tPesquisa Agropecuaria Brasileira (Brazil)
_xISSN 0100-204X
_g(Dec 1986), v. 21(12) p. 1313-1320
_wBR8707961
909 _a202311
_bLúcia
_c55
_dLúcia Elande
942 _2AGRIS
_n0
_cANA
999 _c121942
_d121942